01086nam a22002657a 450000100060000000300080000600500170001400800410003103500200007204000270009204100160011908200230013524501160015826000750027430000270034950000360037650400510041265000390046383000230050270000550052583000580058094200120063899900170065095201530066731246BD-RjUL20211209051657.0140413s1950 enk db 001 0 eng d a(BD-RjUL) 31333 aDLCcDLCbengdBD-RjUL1 aengplihpli04a294.382 bDHA 196814aThe Dhammapada :bwith introductory essays, Pà„li text, English translation, and notes /cby S. Radhakrishnan. aLondon ;aNew York :bOxford University Press,c1950. [Reprinted 1968] aviii, 194 p. ;c18 cm. aMaster microform held by: ICRL. aIncludes bibliographical references and index. a Buddhism -- Sacred books. 995076 0vitem 07123.9950841 aRadhakrishnan, S.q(Sarvepalli),d1888-1975.94068 0aSAMP early 20th-century Indian books project ;995085 2ddccBK c31246d31246 00102ddc40718NFICaRUCLbRUCLcReadingd1974-05-08eOxford University Press Giftl0o294.382 DHA 1968r2014-04-13 00:00:00tC-1w2014-04-13yBK